000 00507nam a2200145Ia 4500
008 100122s9999 xx 000 0 und d
082 _b7821
_a928
100 _aशिर्ले ग्रॅहल
245 _aजॉर्ज वॉशिंग्टन कार्व्हर
260 _c1948
300 _a150
630 _aजॉर्ज वॉशिंग्टन कार्व्हर
730 _aजॉर्ज वॉशिंग्टन कार्व्हर
942 _cBOOK
999 _c400391
_d400388